Statistics for US States with the most cities over 100K

Click here to take the quiz!

General Stats

  • This quiz has been taken 36 times
  • The average score is 18 of 19

Answer Stats

Hint Answer % Correct
7Georgia
100%
8North Carolina
100%
73California
100%
6Ohio
100%
40Texas
100%
24Florida
100%
5New York
100%
8Illinois
97%
6Michigan
97%
9Arizona
97%
5Massachusetts
94%
7Virginia
94%
8Washington
94%
6Tennessee
91%
5Missouri
91%
5Oregon
88%
5Connecticut
84%
12Colorado
84%
5Kansas
69%

Score Distribution

Percentile by Number Answered

Percent of People with Each Score

Your Score History

You have not taken this quiz